[Event "Ch_SFO"]
[Site "?"]
[Date "2018.03.20"]
[Round "8.8"]
[White "Tsydypov, Zhamsaran"]
[Black "Ponomarev, Grigori"]
[Result "1-0"]
[BlackElo "2120"]
[WhiteElo "2523"]
[LiveChessVersion "1.4.8"]

1. e4 {[%clk 1:23:38]} e5 {[%clk 1:30:48]} 2. Nf3 {[%clk 1:24:03]} Nf6
{[%clk 1:31:08]} 3. Nc3 {[%clk 1:23:55]} Nc6 {[%clk 1:31:30]} 4. Bb5
{[%clk 1:23:25]} Nd4 {[%clk 1:25:30]} 5. Bc4 {[%clk 1:23:49]} c6 {[%clk 1:23:21]}
6. O-O {[%clk 1:19:02]} d5 {[%clk 1:22:09]} 7. exd5 {[%clk 1:19:17]} cxd5
{[%clk 1:21:51]} 8. Nxd5 {[%clk 1:15:52]} Nxd5 {[%clk 1:09:23]} 9. Nxd4
{[%clk 1:16:12]} exd4 {[%clk 1:09:44]} 10. Qh5 {[%clk 1:12:31]} g5
{[%clk 1:00:40]} 11. Re1+ {[%clk 1:10:40]} Be7 {[%clk 1:00:57]} 12. d3
{[%clk 1:09:19]} b5 {[%clk 0:45:15]} 13. Bxb5+ {[%clk 1:06:36]} Kf8
{[%clk 0:44:47]} 14. Bc6 {[%clk 1:06:01]} Be6 {[%clk 0:42:43]} 15. Qh6+
{[%clk 1:01:22]} Kg8 {[%clk 0:43:13]} 16. Rxe6 {[%clk 0:58:01]} fxe6
{[%clk 0:43:42]} 17. Qxe6+ {[%clk 0:58:02]} Kg7 {[%clk 0:44:05]} 18. Bxd5
{[%clk 0:58:12]} Rb8 {[%clk 0:43:49]} 19. Qf7+ {[%clk 0:54:52]} Kh6
{[%clk 0:44:17]} 20. Qe6+ {[%clk 0:48:16]} Kg7 {[%clk 0:44:34]} 21. Bd2
{[%clk 0:44:29]} Rf8 {[%clk 0:37:32]} 22. Re1 {[%clk 0:42:17]} Bf6
{[%clk 0:34:49]} 23. b4 {[%clk 0:41:14]} Rb6 {[%clk 0:31:30]} 24. Qe4
{[%clk 0:39:34]} Rb5 {[%clk 0:29:17]} 25. Bc4 {[%clk 0:39:37]} Re5
{[%clk 0:27:56]} 26. Qb7+ {[%clk 0:40:00]} Qe7 {[%clk 0:28:19]} 27. Qxe7+
{[%clk 0:40:16]} Rxe7 {[%clk 0:28:48]} 28. Kf1 {[%clk 0:39:25]} Rxe1+
{[%clk 0:28:12]} 29. Kxe1 {[%clk 0:39:46]} h5 {[%clk 0:28:34]} 30. h3
{[%clk 0:36:19]} g4 {[%clk 0:26:51]} 31. hxg4 {[%clk 0:36:30]} hxg4
{[%clk 0:27:20]} 32. g3 {[%clk 0:36:59]} Kg6 {[%clk 0:22:13]} 33. Kd1
{[%clk 0:36:09]} Bg5 {[%clk 0:22:02]} 34. Be1 {[%clk 0:36:37]} Kf5
{[%clk 0:22:21]} 35. Bd5 {[%clk 0:36:50]} Ke5 {[%clk 0:22:02]} 36. Bc6
{[%clk 0:36:23]} Kd6 {[%clk 0:22:04]} 37. b5 {[%clk 0:36:51]} Kc5
{[%clk 0:21:14]} 38. Bd7 {[%clk 0:37:08]} Rf7 {[%clk 0:20:40]} 39. Bxg4
{[%clk 0:36:55]} Kxb5 {[%clk 0:20:27]} 40. f4 {[%clk 0:37:11]} Bd8
{[%clk 0:19:30]} 41. Bf2 {[%clk 0:36:46]} Bb6 {[%clk 0:19:59]} 42. Be6
{[%clk 0:36:54]} Rf8 {[%clk 0:20:03]} 43. f5 {[%clk 0:37:07]} Kb4
{[%clk 0:19:52]} 44. g4 {[%clk 0:37:30]} Kc3 {[%clk 0:19:47]} 45. Be1+
{[%clk 0:37:11]} Kb2 {[%clk 0:20:16]} 46. Bb4 {[%clk 0:37:34]} Rh8
{[%clk 0:20:27]} 47. f6 {[%clk 0:37:43]} Rh1+ {[%clk 0:20:26]} 48. Ke2
{[%clk 0:38:08]} Rh6 {[%clk 0:20:39]} 49. g5 {[%clk 0:38:28]} Rh2+
{[%clk 0:20:56]} 1-0

[Event "Ch_SFO"]
[Site "?"]
[Date "2018.03.20"]
[Round "8.9"]
[White "Ibadov, Dashgyn"]
[Black "Tsybikov, Tumen"]
[Result "1/2-1/2"]
[BlackElo "2213"]
[WhiteElo "2186"]
[LiveChessVersion "1.4.8"]

1. e4 {[%clk 1:30:54]} c5 {[%clk 1:30:55]} 2. Nf3 {[%clk 1:31:21]} d6
{[%clk 1:31:21]} 3. d4 {[%clk 1:31:46]} cxd4 {[%clk 1:31:47]} 4. Nxd4
{[%clk 1:32:12]} Nf6 {[%clk 1:32:12]} 5. Nc3 {[%clk 1:32:38]} a6 {[%clk 1:32:38]}
6. Qd3 {[%clk 1:32:58]} e5 {[%clk 1:28:47]} 7. Nf5 {[%clk 1:33:17]} Bxf5
{[%clk 1:23:32]} 8. exf5 {[%clk 1:33:46]} Be7 {[%clk 1:23:31]} 9. Be2
{[%clk 1:20:47]} O-O {[%clk 1:23:04]} 10. Bg5 {[%clk 1:11:41]} Nbd7
{[%clk 1:20:14]} 11. h4 {[%clk 1:00:25]} Rc8 {[%clk 1:14:46]} 12. O-O-O
{[%clk 0:56:40]} Qc7 {[%clk 1:00:12]} 13. Kb1 {[%clk 0:47:00]} Nc5
{[%clk 0:53:20]} 14. Qe3 {[%clk 0:44:19]} Na4 {[%clk 0:50:22]} 15. Nxa4
{[%clk 0:41:24]} Qxc2+ {[%clk 0:50:23]} 16. Ka1 {[%clk 0:41:53]} Qxa4
{[%clk 0:50:39]} 17. g4 {[%clk 0:39:39]} e4 {[%clk 0:38:06]} 18. Rd4
{[%clk 0:31:37]} Qa5 {[%clk 0:36:30]} 19. Qd2 {[%clk 0:23:16]} Qxd2
{[%clk 0:35:58]} 20. Rxd2 {[%clk 0:23:04]} Rc6 {[%clk 0:33:48]} 21. Kb1
{[%clk 0:21:09]} h6 {[%clk 0:27:32]} 22. Be3 {[%clk 0:21:26]} Nd7
{[%clk 0:26:13]} 23. g5 {[%clk 0:20:14]} Kh7 {[%clk 0:24:41]} 24. Rd4
{[%clk 0:17:43]} Nc5 {[%clk 0:23:06]} 25. Bc4 {[%clk 0:17:48]} Kh8
{[%clk 0:21:00]} 26. Rhd1 {[%clk 0:14:45]} b5 {[%clk 0:19:56]} 27. Bd5
{[%clk 0:15:10]} Rc7 {[%clk 0:20:21]} 28. Bxe4 {[%clk 0:14:04]} Nxe4
{[%clk 0:19:51]} 29. Rxe4 {[%clk 0:14:33]} Kh7 {[%clk 0:19:16]} 30. Red4
{[%clk 0:12:22]} Rd8 {[%clk 0:17:30]} 31. Rg4 {[%clk 0:07:00]} Rdc8
{[%clk 0:12:56]} 32. Rdg1 {[%clk 0:05:33]} Rc4 {[%clk 0:09:06]} 33. Bd4
{[%clk 0:05:33]} h5 {[%clk 0:07:40]} 34. Re4 {[%clk 0:05:17]} Bf8
{[%clk 0:07:59]} 35. Rd1 {[%clk 0:03:04]} Rc2 {[%clk 0:05:53]} 36. Be3
{[%clk 0:02:15]} Re2 {[%clk 0:05:25]} 37. Red4 {[%clk 0:02:38]} Rec2
{[%clk 0:04:27]} 38. Rd5 {[%clk 0:02:01]} R2c4 {[%clk 0:04:15]} 39. R5d4
{[%clk 0:00:45]} Rc2 {[%clk 0:04:29]} 40. Rc1 {[%clk 0:00:44]} Rxc1+
{[%clk 0:04:03]} 41. Bxc1 {[%clk 0:01:13]} Re8 {[%clk 0:03:49]} 42. Be3
{[%clk 0:01:11]} Re5 {[%clk 0:04:01]} 43. Rf4 {[%clk 0:01:26]} d5
{[%clk 0:04:24]} 44. Kc2 {[%clk 0:01:27]} Kg8 {[%clk 0:04:18]} 45. Kd3
{[%clk 0:01:26]} Bd6 {[%clk 0:04:33]} 46. Bd2 Bc5 {[%clk 0:04:04]} 47. Bc3
{[%clk 0:00:57]} Re4 {[%clk 0:03:55]} 48. Rxe4 {[%clk 0:01:00]} dxe4+
{[%clk 0:04:21]} 49. Ke2 {[%clk 0:00:41]} g6 {[%clk 0:04:04]} 50. fxg6
{[%clk 0:00:36]} fxg6 {[%clk 0:04:29]} 51. f3 {[%clk 0:00:47]} exf3+
{[%clk 0:04:54]} 52. Kxf3 {[%clk 0:01:15]} Kf7 {[%clk 0:05:18]} 53. Be1
{[%clk 0:01:29]} Ke6 {[%clk 0:05:27]} 54. Ke4 {[%clk 0:01:57]} 1/2-1/2

[Event "Ch_SFO"]
[Site "?"]
[Date "2018.03.20"]
[Round "8.10"]
[White "Efanov, Mikhail"]
[Black "Piskunov, Alexandr"]
[Result "1/2-1/2"]
[BlackElo "2356"]
[WhiteElo "2165"]
[LiveChessVersion "1.4.8"]

1. d4 {[%clk 1:30:58]} d6 {[%clk 1:30:46]} 2. e4 {[%clk 1:31:15]} g6
{[%clk 1:30:50]} 3. Nc3 {[%clk 1:31:35]} Bg7 {[%clk 1:31:18]} 4. Be3
{[%clk 1:31:48]} a6 {[%clk 1:31:47]} 5. h4 {[%clk 1:31:24]} h5 {[%clk 1:31:27]}
6. Qd2 {[%clk 1:30:44]} b5 {[%clk 1:31:51]} 7. Nh3 {[%clk 1:25:50]} Bb7
{[%clk 1:32:12]} 8. f3 {[%clk 1:26:12]} Nd7 {[%clk 1:32:39]} 9. Ng5
{[%clk 1:25:23]} c5 {[%clk 1:25:45]} 10. dxc5 {[%clk 1:18:51]} Nxc5
{[%clk 1:24:34]} 11. Bd4 {[%clk 1:17:52]} Bxd4 {[%clk 1:09:37]} 12. Qxd4
{[%clk 1:18:13]} e5 {[%clk 1:10:05]} 13. Qd2 {[%clk 1:17:03]} f6 {[%clk 1:06:44]}
14. Nh3 {[%clk 1:16:51]} Qc7 {[%clk 1:06:26]} 15. a4 {[%clk 1:10:59]} b4
{[%clk 1:06:39]} 16. Nd5 {[%clk 1:11:17]} Bxd5 {[%clk 1:07:07]} 17. Qxd5
{[%clk 1:11:31]} Rd8 {[%clk 1:07:36]} 18. Bxa6 {[%clk 0:49:11]} Nxa6
{[%clk 1:06:21]} 19. Qb5+ {[%clk 0:49:25]} Kf7 {[%clk 1:06:43]} 20. Qxa6
{[%clk 0:49:44]} Qxc2 {[%clk 1:06:43]} 21. O-O {[%clk 0:50:00]} Ne7
{[%clk 1:02:51]} 22. Nf2 {[%clk 0:33:22]} Qxb2 {[%clk 0:49:20]} 23. Rab1
{[%clk 0:30:37]} Qa3 {[%clk 0:49:20]} 24. Qc4+ {[%clk 0:29:44]} d5
{[%clk 0:49:43]} 25. exd5 {[%clk 0:29:36]} Rxd5 {[%clk 0:50:11]} 26. Qxb4
{[%clk 0:19:12]} Qxb4 {[%clk 0:50:06]} 27. Rxb4 {[%clk 0:19:36]} Rc8
{[%clk 0:50:25]} 28. Ne4 {[%clk 0:19:10]} Rc2 {[%clk 0:50:13]} 29. Rb6
{[%clk 0:14:40]} f5 {[%clk 0:48:10]} 30. Ng5+ {[%clk 0:13:55]} Ke8
{[%clk 0:48:38]} 31. Rb8+ {[%clk 0:10:22]} Nc8 {[%clk 0:47:34]} 32. Nh3
{[%clk 0:09:05]} Ke7 {[%clk 0:46:12]} 33. Rbb1 {[%clk 0:06:13]} Nd6
{[%clk 0:43:02]} 34. Rbc1 {[%clk 0:06:13]} Ra2 {[%clk 0:42:50]} 35. Ra1
{[%clk 0:05:59]} Rdd2 {[%clk 0:43:09]} 36. Rxa2 {[%clk 0:05:43]} Rxa2
{[%clk 0:43:38]} 37. Re1 {[%clk 0:05:39]} Kf6 {[%clk 0:42:53]} 38. Rd1
{[%clk 0:06:03]} Nf7 {[%clk 0:43:22]} 39. Rb1 {[%clk 0:05:04]} Rxa4
{[%clk 0:42:18]} 40. Rb6+ {[%clk 0:05:28]} Kg7 {[%clk 0:42:46]} 41. Rb7
{[%clk 0:03:32]} Kf8 {[%clk 0:42:50]} 42. Ng5 {[%clk 0:01:57]} Nxg5
{[%clk 0:39:31]} 43. hxg5 {[%clk 0:02:23]} f4 {[%clk 0:37:30]} 44. Rb6
{[%clk 0:01:36]} Kf7 {[%clk 0:37:49]} 45. Rf6+ {[%clk 0:01:54]} Kg7
{[%clk 0:38:18]} 46. Re6 {[%clk 0:02:17]} Ra5 {[%clk 0:38:30]} 47. Kf2
{[%clk 0:01:54]} Kh7 {[%clk 0:38:40]} 48. Kf1 {[%clk 0:01:47]} Kg7
{[%clk 0:34:09]} 49. Kf2 {[%clk 0:02:12]} Rd5 {[%clk 0:34:38]} 50. Re7+
{[%clk 0:01:52]} Kf8 {[%clk 0:35:05]} 51. Re6 {[%clk 0:02:17]} Kf7
{[%clk 0:35:24]} 52. Rf6+ {[%clk 0:02:42]} Ke7 {[%clk 0:35:43]} 53. Rxg6
{[%clk 0:03:07]} Rd6 {[%clk 0:36:12]} 54. Rg7+ {[%clk 0:02:27]} Ke6
{[%clk 0:36:41]} 55. Rh7 {[%clk 0:02:18]} Rd2+ {[%clk 0:34:37]} 56. Kg1
{[%clk 0:02:34]} Kf5 {[%clk 0:33:56]} 57. Rxh5 {[%clk 0:02:39]} e4
{[%clk 0:34:16]} 58. fxe4+ {[%clk 0:02:31]} Kg4 {[%clk 0:34:45]} 59. Rh8
{[%clk 0:01:34]} f3 {[%clk 0:33:22]} 60. gxf3+ {[%clk 0:01:35]} Kg3
{[%clk 0:33:51]} 61. Kf1 {[%clk 0:01:55]} Kxf3 {[%clk 0:34:13]} 62. Rf8+
{[%clk 0:02:02]} Kxe4 {[%clk 0:34:12]} 63. g6 {[%clk 0:02:11]} Rd7
{[%clk 0:34:41]} 64. Rf7 {[%clk 0:01:35]} Rd8 {[%clk 0:34:59]} 65. Kf2
{[%clk 0:01:53]} Rg8 {[%clk 0:35:26]} 66. g7 {[%clk 0:02:12]} Ke5
{[%clk 0:35:52]} 67. Kf3 {[%clk 0:02:34]} Ke6 {[%clk 0:36:20]} 68. Ra7
{[%clk 0:02:57]} Kf6 {[%clk 0:36:49]} 1/2-1/2

[Event "Ch_SFO"]
[Site "?"]
[Date "2018.03.20"]
[Round "8.11"]
[White "Khubukshanov, Erdem"]
[Black "Gontcharov, Vladislav"]
[Result "1/2-1/2"]
[BlackElo "2448"]
[WhiteElo "2046"]
[LiveChessVersion "1.4.8"]

1. e4 {[%clk 1:30:56]} e6 {[%clk 1:30:31]} 2. d4 {[%clk 1:31:20]} d5 3. e5 c5
{[%clk 1:30:56]} 4. c3 {[%clk 1:32:09]} Nc6 {[%clk 1:31:19]} 5. Nf3
{[%clk 1:32:33]} Qb6 {[%clk 1:31:45]} 6. Na3 {[%clk 1:32:23]} Bd7
{[%clk 1:30:30]} 7. Nc2 {[%clk 1:28:51]} f6 {[%clk 1:26:06]} 8. Bd3
{[%clk 1:23:44]} cxd4 {[%clk 1:21:20]} 9. Ncxd4 {[%clk 1:17:21]} fxe5
{[%clk 1:18:41]} 10. Nxc6 {[%clk 1:17:44]} e4 {[%clk 1:07:56]} 11. Nce5
{[%clk 1:15:29]} exf3 {[%clk 1:02:35]} 12. Qxf3 {[%clk 1:15:27]} Nf6
{[%clk 1:02:53]} 13. Nxd7 {[%clk 1:15:23]} Kxd7 {[%clk 1:03:05]} 14. O-O
{[%clk 1:15:18]} Bd6 {[%clk 1:00:20]} 15. Qh3 {[%clk 1:14:00]} Raf8
{[%clk 0:52:08]} 16. Be3 {[%clk 1:11:05]} Bc5 {[%clk 0:48:08]} 17. Rae1
{[%clk 1:11:19]} Re8 {[%clk 0:48:17]} 18. c4 {[%clk 0:55:47]} a6 {[%clk 0:39:59]}
19. b4 {[%clk 0:49:54]} Bxe3 {[%clk 0:38:58]} 20. Rxe3 {[%clk 0:49:16]} Re7
{[%clk 0:32:55]} 21. a4 {[%clk 0:46:48]} Qd4 {[%clk 0:30:35]} 22. Rd1
{[%clk 0:45:47]} Qg4 {[%clk 0:29:30]} 23. Qxg4 {[%clk 0:44:18]} Nxg4
{[%clk 0:29:55]} 24. Re2 {[%clk 0:44:28]} Nf6 {[%clk 0:29:33]} 25. a5
{[%clk 0:42:09]} Ke8 {[%clk 0:21:26]} 26. h3 {[%clk 0:33:48]} Kf7
{[%clk 0:21:16]} 27. Rde1 {[%clk 0:31:02]} Rd8 {[%clk 0:19:55]} 28. Bf5
{[%clk 0:27:07]} Rd6 {[%clk 0:19:29]} 29. c5 {[%clk 0:20:47]} Rc6
{[%clk 0:19:50]} 30. Bc2 {[%clk 0:21:04]} Rc8 {[%clk 0:18:11]} 31. f4
{[%clk 0:19:55]} Rcc7 {[%clk 0:16:50]} 32. g4 {[%clk 0:16:37]} g6
{[%clk 0:17:06]} 33. Kh2 {[%clk 0:14:52]} Rcd7 {[%clk 0:16:39]} 34. Ba4
{[%clk 0:15:09]} Rc7 {[%clk 0:16:49]} 35. Bc2 {[%clk 0:15:33]} Rcd7
{[%clk 0:14:02]} 36. Ba4 {[%clk 0:15:42]} Rc7 {[%clk 0:14:16]} 37. Bc2
{[%clk 0:16:06]} Rcd7 {[%clk 0:11:11]} 38. Ba4 1/2-1/2

[Event "Ch_SFO"]
[Site "?"]
[Date "2018.03.20"]
[Round "8.12"]
[White "Grachev, Alexey"]
[Black "Lavrov, Sergey V"]
[Result "1-0"]
[BlackElo "2404"]
[WhiteElo "2088"]
[LiveChessVersion "1.4.8"]

1. e4 {[%clk 1:30:56]} e6 {[%clk 1:24:31]} 2. d4 {[%clk 1:31:13]} d5
{[%clk 1:24:56]} 3. Bd3 {[%clk 1:30:41]} c5 {[%clk 1:23:34]} 4. exd5
{[%clk 1:30:49]} exd5 {[%clk 1:23:19]} 5. Nf3 {[%clk 1:31:09]} c4
{[%clk 1:23:29]} 6. Be2 {[%clk 1:31:32]} Nf6 {[%clk 1:23:32]} 7. O-O
{[%clk 1:31:46]} Be7 {[%clk 1:23:45]} 8. b3 {[%clk 1:31:09]} cxb3
{[%clk 1:23:29]} 9. axb3 {[%clk 1:31:32]} O-O {[%clk 1:23:51]} 10. Bb2
{[%clk 1:28:57]} Nc6 {[%clk 1:23:36]} 11. Nbd2 {[%clk 1:28:49]} Bf5
{[%clk 1:20:19]} 12. Ne5 {[%clk 1:27:11]} Qb6 {[%clk 1:18:11]} 13. Nxc6
{[%clk 1:22:11]} bxc6 {[%clk 1:18:17]} 14. Ra6 {[%clk 1:19:39]} Qb7
{[%clk 1:10:47]} 15. h3 {[%clk 1:12:06]} Rfe8 {[%clk 1:10:09]} 16. Nf3
{[%clk 1:08:35]} Bd6 {[%clk 1:01:39]} 17. Ne5 {[%clk 0:58:30]} Rac8
{[%clk 1:00:58]} 18. Qd2 {[%clk 0:47:50]} Ne4 {[%clk 0:55:36]} 19. Qa5
{[%clk 0:46:24]} Bb8 {[%clk 0:53:48]} 20. Bd3 {[%clk 0:31:49]} f6
{[%clk 0:49:00]} 21. Nxc6 {[%clk 0:29:35]} Qf7 {[%clk 0:41:26]} 22. Nxb8
{[%clk 0:28:11]} Bxh3 {[%clk 0:39:37]} 23. gxh3 {[%clk 0:24:40]} Qh5
{[%clk 0:32:45]} 24. Bxe4 {[%clk 0:21:15]} Rxe4 {[%clk 0:33:08]} 25. Rd6
{[%clk 0:21:43]} Rg4+ {[%clk 0:17:36]} 26. Kh2 {[%clk 0:21:57]} Rg5
{[%clk 0:18:05]} 27. Bc1 {[%clk 0:14:01]} 1-0

[Event "Ch_SFO"]
[Site "?"]
[Date "2018.03.20"]
[Round "8.13"]
[White "Maleev, Pavel"]
[Black "Kolmagorov, Alexey"]
[Result "1/2-1/2"]
[BlackElo "2175"]
[WhiteElo "2303"]
[LiveChessVersion "1.4.8"]

1. e4 {[%clk 1:30:58]} c5 {[%clk 1:30:57]} 2. Nc3 {[%clk 1:31:04]} g6
{[%clk 1:30:59]} 3. f4 {[%clk 1:31:25]} Bg7 {[%clk 1:30:58]} 4. Nf3
{[%clk 1:31:49]} Nc6 {[%clk 1:31:13]} 5. Bb5 {[%clk 1:31:52]} Nd4
{[%clk 1:31:39]} 6. Bc4 {[%clk 1:31:35]} e6 {[%clk 1:29:37]} 7. O-O
{[%clk 1:29:46]} Ne7 {[%clk 1:29:56]} 8. Nxd4 {[%clk 1:28:07]} cxd4
{[%clk 1:30:05]} 9. Ne2 {[%clk 1:25:17]} O-O {[%clk 1:22:45]} 10. d3
{[%clk 1:24:50]} d5 {[%clk 1:18:37]} 11. Bb3 {[%clk 1:25:05]} dxe4
{[%clk 1:18:32]} 12. dxe4 {[%clk 1:25:31]} b6 {[%clk 1:17:26]} 13. Ng3
{[%clk 1:22:51]} Ba6 {[%clk 1:07:57]} 14. Rf2 {[%clk 1:20:10]} Nc6
{[%clk 1:05:24]} 15. f5 {[%clk 1:17:07]} exf5 {[%clk 1:05:03]} 16. exf5
{[%clk 1:17:35]} Ne5 {[%clk 0:54:13]} 17. Ne4 {[%clk 1:14:29]} d3
{[%clk 0:49:26]} 18. Bg5 {[%clk 1:13:29]} Qd4 {[%clk 0:40:43]} 19. Nf6+
{[%clk 1:13:17]} Kh8 {[%clk 0:39:19]} 20. c3 {[%clk 1:13:36]} Qd6
{[%clk 0:38:26]} 21. Nd5 {[%clk 1:07:18]} Rfe8 {[%clk 0:33:37]} 22. Bf4
{[%clk 0:42:47]} Bb7 {[%clk 0:33:04]} 23. Bxe5 {[%clk 0:23:19]} Rxe5
{[%clk 0:30:28]} 24. Nf4 {[%clk 0:22:15]} Rxf5 {[%clk 0:28:38]} 25. Qxd3
{[%clk 0:21:48]} Qc5 {[%clk 0:25:16]} 26. Qc4 {[%clk 0:19:24]} Qe3
{[%clk 0:23:10]} 27. Qd3 {[%clk 0:11:42]} Qc5 {[%clk 0:22:35]} 28. Qc4
{[%clk 0:11:14]} Qe3 {[%clk 0:22:58]} 29. Qd3 {[%clk 0:07:39]} Qc5 1/2-1/2

[Event "Ch_SFO"]
[Site "?"]
[Date "2018.03.20"]
[Round "8.14"]
[White "Babakekhyan, Artem"]
[Black "Kuznetsov, Andrei S"]
[Result "1/2-1/2"]
[BlackElo "2259"]
[WhiteElo "1892"]
[LiveChessVersion "1.4.8"]

1. Nf3 {[%clk 1:30:59]} Nf6 {[%clk 1:14:37]} 2. g3 {[%clk 1:31:22]} d5
{[%clk 1:15:00]} 3. Bg2 {[%clk 1:31:46]} c6 {[%clk 1:15:25]} 4. O-O
{[%clk 1:31:12]} Bg4 {[%clk 1:13:53]} 5. d4 {[%clk 1:30:25]} Nbd7
{[%clk 1:13:30]} 6. Nbd2 {[%clk 1:27:39]} e6 {[%clk 1:13:36]} 7. Re1
{[%clk 1:25:56]} Bd6 {[%clk 1:13:33]} 8. e4 {[%clk 1:25:17]} dxe4
{[%clk 1:13:44]} 9. Nxe4 {[%clk 1:25:38]} Nxe4 {[%clk 1:13:38]} 10. Rxe4
{[%clk 1:26:05]} Nf6 {[%clk 1:12:56]} 11. Re1 {[%clk 1:23:24]} h6
{[%clk 1:12:07]} 12. c4 {[%clk 1:22:55]} O-O {[%clk 1:12:20]} 13. Qb3
{[%clk 1:22:21]} Qb6 {[%clk 1:11:35]} 14. Be3 {[%clk 1:20:09]} Qxb3
{[%clk 1:10:01]} 15. axb3 {[%clk 1:20:37]} a5 {[%clk 1:09:40]} 16. Ne5
{[%clk 1:18:16]} Bf5 {[%clk 1:09:41]} 17. Bd2 {[%clk 1:11:44]} Bb4
{[%clk 1:06:06]} 18. Re2 {[%clk 1:09:38]} Rfd8 {[%clk 1:00:06]} 19. Bc3
{[%clk 1:09:34]} Ne8 {[%clk 0:56:57]} 20. Ra4 {[%clk 1:06:48]} f6
{[%clk 0:55:23]} 21. Nf3 {[%clk 1:05:44]} Nc7 {[%clk 0:50:41]} 22. Ne1
{[%clk 1:02:21]} Na6 {[%clk 0:49:51]} 23. h3 {[%clk 0:59:51]} Rac8
{[%clk 0:43:22]} 24. g4 {[%clk 0:56:40]} Bg6 {[%clk 0:43:42]} 25. Rxe6
{[%clk 0:56:59]} Bf7 {[%clk 0:43:42]} 26. Re3 {[%clk 0:52:52]} b5
{[%clk 0:43:35]} 27. cxb5 {[%clk 0:50:47]} cxb5 {[%clk 0:43:27]} 28. Ra1
{[%clk 0:51:12]} Nc7 {[%clk 0:41:12]} 29. Nd3 {[%clk 0:47:57]} Nd5
{[%clk 0:38:48]} 30. Bxd5 {[%clk 0:47:18]} Rxd5 {[%clk 0:39:04]} 31. Nxb4
{[%clk 0:45:54]} axb4 {[%clk 0:39:23]} 32. Bxb4 {[%clk 0:46:17]} Rxd4
{[%clk 0:39:39]} 33. Bc3 {[%clk 0:46:08]} Rd7 {[%clk 0:39:11]} 34. Kh2
{[%clk 0:42:32]} Rb8 {[%clk 0:37:13]} 35. b4 {[%clk 0:41:58]} Bc4
{[%clk 0:37:05]} 36. Kg3 {[%clk 0:42:07]} Kf7 {[%clk 0:36:47]} 37. Ra5
{[%clk 0:41:39]} Rbb7 {[%clk 0:36:18]} 38. Ra1 {[%clk 0:41:27]} Re7
{[%clk 0:36:19]} 39. Rxe7+ {[%clk 0:41:47]} Rxe7 {[%clk 0:36:29]} 40. Re1
{[%clk 0:42:07]} Rxe1 {[%clk 0:36:00]} 41. Bxe1 {[%clk 0:42:31]} 1/2-1/2

[Event "Ch_SFO"]
[Site "?"]
[Date "2018.03.20"]
[Round "8.15"]
[White "Boiarintsev, Vitaly"]
[Black "Glushenkov, Konstantin"]
[Result "1-0"]
[BlackElo "1722"]
[WhiteElo "2342"]
[LiveChessVersion "1.4.8"]

1. e4 {[%clk 1:30:59]} c5 {[%clk 1:30:34]} 2. Nf3 {[%clk 1:31:24]} e6
{[%clk 1:30:18]} 3. d4 {[%clk 1:31:48]} cxd4 {[%clk 1:28:58]} 4. Qxd4
{[%clk 1:32:11]} a6 {[%clk 1:23:08]} 5. Nc3 {[%clk 1:32:17]} Nc6 {[%clk 1:22:07]}
6. Qd3 {[%clk 1:32:42]} Nf6 {[%clk 1:20:27]} 7. Bf4 {[%clk 1:32:08]} b5
{[%clk 1:10:01]} 8. e5 {[%clk 1:32:16]} Nb4 {[%clk 1:02:39]} 9. Qd2
{[%clk 1:31:51]} Nfd5 {[%clk 1:00:44]} 10. Nxd5 {[%clk 1:30:46]} Nxd5
{[%clk 1:00:01]} 11. Bg3 {[%clk 1:30:50]} Bb7 {[%clk 0:52:52]} 12. c3
{[%clk 1:29:39]} Be7 {[%clk 0:46:51]} 13. Bd3 {[%clk 1:29:32]} O-O
{[%clk 0:44:00]} 14. O-O {[%clk 1:27:42]} d6 {[%clk 0:37:36]} 15. a4
{[%clk 1:26:50]} dxe5 {[%clk 0:31:53]} 16. Bxe5 {[%clk 1:26:15]} b4
{[%clk 0:28:32]} 17. c4 {[%clk 1:26:33]} Nb6 {[%clk 0:27:06]} 18. Qe3
{[%clk 1:24:06]} Rc8 {[%clk 0:21:43]} 19. Rfd1 {[%clk 1:24:10]} Nd7
{[%clk 0:18:38]} 20. Be4 {[%clk 1:13:17]} Bc5 {[%clk 0:14:21]} 21. Bd4
{[%clk 0:39:56]} Bxe4 {[%clk 0:10:08]} 22. Qxe4 {[%clk 0:40:00]} Qc7
{[%clk 0:09:13]} 23. Ng5 {[%clk 0:35:26]} g6 {[%clk 0:08:43]} 24. Nxh7
{[%clk 0:20:41]} Rfe8 {[%clk 0:01:31]} 25. Nf6+ {[%clk 0:10:08]} Nxf6
{[%clk 0:01:40]} 26. Bxf6 {[%clk 0:10:33]} Be7 {[%clk 0:01:37]} 27. Bxe7
{[%clk 0:10:32]} Rxe7 {[%clk 0:01:24]} 28. b3 {[%clk 0:10:22]} a5
{[%clk 0:00:45]} 29. Qd4 {[%clk 0:10:10]} Ree8 {[%clk 0:00:36]} 30. Qd6
{[%clk 0:10:14]} Qxd6 {[%clk 0:00:33]} 31. Rxd6 {[%clk 0:10:37]} Red8
{[%clk 0:00:39]} 32. Rad1 {[%clk 0:10:59]} Rxd6 {[%clk 0:00:39]} 33. Rxd6
{[%clk 0:11:24]} Kf8 {[%clk 0:00:35]} 34. Kf1 {[%clk 0:11:34]} Ke7
{[%clk 0:00:47]} 35. Rb6 {[%clk 0:11:23]} Kd7 {[%clk 0:00:31]} 36. Rb7+
{[%clk 0:11:23]} Ke8 {[%clk 0:00:53]} 37. Ke2 {[%clk 0:11:38]} f6
{[%clk 0:00:40]} 38. h4 {[%clk 0:11:21]} Kf8 {[%clk 0:00:43]} 39. g4
{[%clk 0:11:31]} f5 {[%clk 0:00:35]} 40. g5 {[%clk 0:11:25]} Kg8 {[%clk 0:00:31]}
41. f4 {[%clk 0:11:32]} Kf8 {[%clk 0:00:40]} 42. Rb5 {[%clk 0:11:34]} Ra8
{[%clk 0:01:04]} 43. c5 {[%clk 0:11:20]} Ke7 {[%clk 0:00:44]} 44. Kd3
{[%clk 0:11:02]} Kd7 {[%clk 0:00:42]} 45. Kc4 {[%clk 0:11:08]} Ra7
{[%clk 0:00:41]} 46. Rb6 {[%clk 0:11:26]} Ke7 {[%clk 0:00:44]} 47. Kb5
{[%clk 0:11:37]} Kd7 {[%clk 0:01:01]} 48. c6+ {[%clk 0:10:29]} Kc8
{[%clk 0:00:38]} 49. Ra6 {[%clk 0:09:53]} Rxa6 {[%clk 0:00:32]} 50. Kxa6
{[%clk 0:10:14]} 1-0